Catálogo
 En Linea

Amalia / (Registro nro. 39522)

Detalles MARC
000 -CABECERA
campo de control de longitud fija 00523nam a2200181 a 4500
001 - NÚMERO DE CONTROL
campo de control 000040032
005 - FECHA Y HORA DE LA ÚLTIMA TRANSACCIÓN
campo de control 20240306073901.0
008 - DATOS DE LONGITUD FIJA--INFORMACIÓN GENERAL
campo de control de longitud fija 130802s1976 cu 000 0 spa d
040 ## - FUENTE DE LA CATALOGACIÓN
Centro catalogador/agencia de origen DO-SdBNP
Lengua de catalogación spa
Centro/agencia transcriptor BNPHU
082 ## - NÚMERO DE LA CLASIFICACIÓN DECIMAL DEWEY
Número de clasificación xxx
100 1# - ENTRADA PRINCIPAL--NOMBRE DE PERSONA
Nombre de persona Mármol, José,
Fechas asociadas al nombre 1960-
9 (RLIN) 6454
245 10 - MENCIÓN DE TÍTULO
Título Amalia /
Mención de responsabilidad, etc. José Mármol.
260 ## - PUBLICACIÓN, DISTRIBUCIÓN, ETC.
Lugar de publicación, distribución, etc. Cuba :
Nombre del editor, distribuidor, etc. Casa de las Americas,
Fecha de publicación, distribución, etc. 1976.
300 ## - DESCRIPCIÓN FÍSICA
Extensión xlvi, 529 p. ;
Dimensiones 20 cm.
490 1# - MENCIÓN DE SERIE
Mención de serie Literatura latinoamericana
590 ## - NOTA LOCAL (RLIN)
Nota local Inventariado, 2019/VM
830 #0 - PUNTO DE ACCESO ADICIONAL DE SERIE-TÍTULO UNIFORME
Título uniforme Literatura latinoamericana
9 (RLIN) 500
Existencias
Estado de retiro Estado de pérdida Restricciones de uso No para préstamo Código de colección Localización permanente Ubicación/localización actual Ubicación en estantería Fecha de adquisición Número de inventario Total de préstamos Signatura topográfica completa Código de barras Fecha visto por última vez Precio válido a partir de Tipo de ítem Koha
      Excluido de préstamo Monografías: Libros y Folletos General General Depósito 02.08.2013 LF1   xxx 40032-10 25.06.2020 25.06.2020 No se presta

Con tecnología Koha